| 000 | 00592nam a2200205Ia 4500 | ||
|---|---|---|---|
| 003 | GCL | ||
| 008 | 140319s9999 xx 000 0 eng d | ||
| 040 |
_aGCL / _cGCL |
||
| 082 | 0 | 4 |
_a371.91 _bS A |
| 100 | 1 | _aSHERRILL, CLAUDINE | |
| 245 | 1 | 0 |
_aADAPTED PHSICAL ACTIVITY RECREATION AND SPORT: CROSS DISCIPLINARY AND LIFESPAN / _cSHERRILL, CLAUDINE |
| 260 |
_a[S.N] : _bWCB BROWN & BENCHANARK ، _c1993 |
||
| 300 | _a714\P | ||
| 650 | 0 | 4 | _aTEACHING |
| 650 | 0 | 4 | _aPHYSICAL TRAINING |
| 650 | 0 | 4 | _aMENTAL RETARDATION |
| 650 | 0 | 4 | _aSPORTS |
| 650 | 0 | 4 | _aHANDICAPPED CHILDREN |
| 942 |
_2ddc _cBK |
||
| 999 |
_c12302 _d12302 |
||